| 000 | 00544nam a22001817a 4500 | ||
|---|---|---|---|
| 003 | 0 | ||
| 005 | 20230619124235.0 | ||
| 008 | 230619b xxu||||| |||| 00| 0 eng d | ||
| 020 | _a971-630-000-X | ||
| 082 |
_aFil. 675.8 _b.Ve455 1992 |
||
| 245 |
_aJose Rizal _cVentura, Sylvia Mendez |
||
| 260 |
_aMakati City _bTahanan Books for Young Readers _cc1992 |
||
| 300 |
_a31pp. _bill. _c25cm. |
||
| 500 | _aRizal y Alonso, Jose. | ||
| 500 | _aHeroes-Philippines-Biography. | ||
| 504 | _aIncludes bibliographical references. | ||
| 942 |
_2ddc _cBK |
||
| 999 |
_c365019 _d365019 |
||